000 00322nam a22001337a 4500
008 180918b xxu||||| |||| 00| 0 eng d
020 _a9780966361070
041 _aeng
080 _a616.8
100 _a8
101 _aKAN
245 _aBea Survivor Colorectal Cancer Treatment Guide
_cLange.V
942 _2udc
_cBK
999 _c47942
_d47942